LEADER 01497nam a2200301 u 4500 001 000000041841 003 CaOOAMICUS 005 20070226114247.0 008 990215s1955 it u000 u fre u 035 $a10814144 040 $aPUL(R)$bita 100 1 $aRabie, Hamed A.$0(OLS)http://pul/name/30790 245 12$aL'acte juridique "post mortem" en droit romain: validité et fonction /$cHamed A. Rabie ; préface de M. François Dumont. 260 $aMilano :$bA. Giuffrè,$c1955. 300 $a632 p. ;$c25 cm 490 1 $aUniversità di Roma. Pubblicazioni della facoltà giuridica; Istituto di diritto romano, dei diritti dell'Oriente mediterraneo e di storia del diritto ; 504 $aBibliografia in nota. 650 4$aEredità e successione.$0(OLS)http://pul/subject/992 650 4$aDiritto romano.$0(OLS)http://pul/subject/382 830 0$aPubblicazioni dell'Istituto di diritto romano, dei diritti dell'Oriente mediterraneo e di storia del diritto ;$v30.$0(OLS)http://pul/title/3011 850 $aPUL 852 $aPUL$W1$xDP2 Diritto e Scienze Sociali 1$y65$m184 E 72$j56631$nBK-PRI$qStampati$B56631$CPULBib$Z2$F56631 $H57092 $82 941 1 $a8 960 $aRoman law$9382 960 $aRoman law$9382 961 $aTimbri: Arcadio Maria Card. Larraona. 996 $6245$aL'acte juridique "post mortem" en droit romain: validité et fonction$9(OLS)http://pul/title/56452 996 $6260$aMilano :$bA. Giuffrè$9(OLS)http://pul/publisher/48096 LEADER 02593nam a2200421 u 4500 001 000000004234 003 CaOOAMICUS 005 20210715163312.0 008 940514m1966 it u000 u ita u 032 $aLibriCat 035 $a10111786 040 $aCSt$bita$cCSt$dMiU$dPUL(R) 041 0 $aite$ager$aeng$afre 100 1 $aDe Sanctis, Gaetano,$d1870-1957.$0(OLS)http://pul/name/3647 240 10$aGruppi, scelte$9(De Sanctis, Gaetano, 1870-1957).$0(OLS)http://pul/title/6131 245 10$aScritti minori /$cGaetano De Sanctis ; a cura di Silvio Accame. 260 $aRoma :$bEdizioni di Storia e Letteratura,$c1966-<19 >. 300 $a7 v., ;$c25 cm 490 1 $aStoria e letteratura (Edizioni di storia e letteratura) ;$v99, 117, 122, 123, 124, 125, 126 500 $aArticles also in German, English or French 505 0 $av. 2. 1892-1905.--v. 3. 1906-1919.--v. 4. 1920-1930.--v. 5. 1931-1947.--v. 6. Recensioni cronache e commenti. 2 v. 650 0$aCivilization, Greco-Roman.$2//eng$0(OLS)http://pul/subject/3586 830 0$aStoria e letteratura (Edizioni di storia e letteratura) ;$v99, 117, 122, 123, 124, 125, 126.$0(OLS)http://pul/title/1028 850 $aPUL 852 $aPUL$W1$xDP1 Fondo Maccarrone$y58$m1516 E 5$j5957$nBK-PRI$b $qFondi$B5957$CPULBib$Z2$F5957 $81 852 $aPUL$W1$xDP1 Cons. Gen., Altre Classi 1$y22$m1039 G 1.124$j179409$bv.5$qStampati$B182572$CPULBib$Z2$F182572 $81 852 $aPUL$W1$xDP1 Cons. Gen., Altre Classi 1$y22$m1039 G 1.125$j179410$bv.6.1$qStampati$B182573$CPULBib$Z2$F182573 $81 852 $aPUL$W1$xDP1 Cons. Gen., Altre Classi 1$y22$m1039 g 1.126$j179411$b v.6.2$qStampati$B182574$CPULBib$Z2$F182574 $H36880 $81 852 $aPUL$W1$xDP1 Cons. Gen., Altre Classi 1$y22$m1039 G 1.99$j179361$bv.1$qStampati$B182525$CPULBib$Z2$F182525 $H26202 $81 852 $aPUL$W1$xDP1 Cons. Gen., Altre Classi 1$y22$m1039 G 1.117$j179389$bv.2$qStampati$B182552$CPULBib$Z2$F182552 $H32431 $81 852 $aPUL$W1$xDP1 Cons. Gen., Altre Classi 1$y22$m1039 G 1.122$j179392$bv.3$qStampati$B182555$CPULBib$Z2$F182555 $81 852 $aPUL$W1$xDP1 Cons. Gen., Altre Classi 1$y22$m1039 G 1.123$j179408$bv.4$qStampati$B182571$CPULBib$Z2$F182571 $81 941 1 $a1 941 1 $a8 961 $aINV: 4012 F. Maccarrone 996 $6245$aScritti minori$9(OLS)http://pul/title/6132 996 $6260$aRoma :$bEdizioni di Storia e Letteratura$9(OLS)http://pul/publisher/48123